| 000 | 00431nam a2200169Ia 4500 | ||
|---|---|---|---|
| 008 | 221030s9999 xx 000 0 und d | ||
| 020 | _a0070702400 | ||
| 041 | _aEnglish | ||
| 100 | _aJ. D. Kraus | ||
| 245 | 0 |
_aElectromagnetic With Applications _cby J. D. Kraus, D. A. Fleisch |
|
| 250 | _a5th | ||
| 260 |
_bMcGraw Hill Pub. _aNew Delhi _c2011 |
||
| 300 | _a617 | ||
| 650 | _aBB EMT | ||
| 700 | _aD. A. Fleisch | ||
| 942 | _cBK | ||
| 999 |
_c15269 _d15269 |
||